INTELLECTUAL PROPERTY THE LIFEBLOOD OF Y (Record no. 21373)
[ view plain ]
| 000 -LEADER | |
|---|---|
| fixed length control field | 00359nam a2200133Ia 4500 |
| 008 - FIXED-LENGTH DATA ELEMENTS--GENERAL INFORMATION | |
| fixed length control field | 240624s9999 xx 000 0 und d |
| 041 ## - LANGUAGE CODE | |
| Language code of text/sound track or separate title | eng |
| 082 ## - DEWEY DECIMAL CLASSIFICATION NUMBER | |
| Classification number | 346.048 ELM |
| 100 ## - MAIN ENTRY--PERSONAL NAME | |
| Personal name | ELMSLIE MARK |
| 245 ## - TITLE STATEMENT | |
| Title | INTELLECTUAL PROPERTY THE LIFEBLOOD OF Y |
| 260 ## - PUBLICATION, DISTRIBUTION, ETC. | |
| Date of publication, distribution, etc. | 2006 |
| Place of publication, distribution, etc. | England |
| Name of publisher, distributor, etc. | Chandos Publishing |
| 300 ## - PHYSICAL DESCRIPTION | |
| Extent | xiv, : 149 : p. : cm. ; 23 |
| 365 ## - TRADE PRICE | |
| Currency code | GBP |
| Price amount | 28 |
| Withdrawn status | Lost status | Damaged status | Not for loan | Home library | Current library | Shelving location | Date acquired | Source of acquisition | Cost, normal purchase price | Total Checkouts | Full call number | Barcode | Date last seen | Date last checked out | Copy number | Price effective from | Koha item type |
|---|---|---|---|---|---|---|---|---|---|---|---|---|---|---|---|---|---|
| IMTN | IMTN | Rack 13-B | 05/29/2013 | TB | 52.50 | 1 | 346.048 ELM | 21373 | 12/05/2025 | 10/08/2025 | 88 | 06/24/2024 | Books |